[Event "ACP Blitz Prelim2 3rd"]
[Site "Playchess.com INT"]
[Date "2004.06.01"]
[Round "5"]
[White "Veroci, Zsuzsa"]
[Black "Fernandez Aguado, Juan Luis"]
[Result "0-1"]
[WhiteElo "2315"]
[BlackElo "2316"]
[PlyCount "68"]
[EventDate "2004.06.01"]
[EventType "tourn (blitz)"]
[EventRounds "22"]
[EventCountry "GER"]
[EventCategory "10"]
[SourceTitle "CBM 100 Extra"]
[Source "ChessBase"]
[SourceDate "2004.07.06"]
[SourceVersion "2"]
[SourceVersionDate "2004.07.06"]
[SourceQuality "1"]

1. e4 c5 2. Nf3 d6 3. d4 cxd4 4. Nxd4 Nf6 5. Nc3 Nc6 6. Bc4 Qb6 7. Nb3 e6 8. 0-0 Be7 9. Kh1 0-0 10. f4 a6 11. a4 Qc7 12. Qf3 Nb4 13. Bd3 Re8 14. Be3 Bd7 15. a5 Bc6 16. f5 d5 17. fxe6 fxe6 18. Bb6 dxe4 19. Nxe4 Qe5 20. Nxf6+ Bxf6 21. Qh3 Nxd3 22. cxd3 Qxb2 23. Nc5 Bd4 24. Rae1 e5 25. Ne4 Bxb6 26. axb6 Bxe4 27. Rxe4 Qxb6 28. Qh5 Rf8 29. Rfe1 a5 30. Qxe5 a4 31. Rg4 Qf6 32. Qd5+ Kh8 33. h3 a3 34. Qxb7 a2 0-1

[Event "ACP Blitz Prelim2 3rd"]
[Site "Playchess.com INT"]
[Date "2004.06.01"]
[Round "2"]
[White "Veroci, Zsuzsa"]
[Black "Fressinet, Laurent"]
[Result "0-1"]
[WhiteElo "2315"]
[BlackElo "2636"]
[PlyCount "68"]
[EventDate "2004.06.01"]
[EventType "tourn (blitz)"]
[EventRounds "22"]
[EventCountry "GER"]
[EventCategory "10"]
[SourceTitle "CBM 100 Extra"]
[Source "ChessBase"]
[SourceDate "2004.07.06"]
[SourceVersion "2"]
[SourceVersionDate "2004.07.06"]
[SourceQuality "1"]

1. e4 e5 2. Nf3 Nc6 3. Bb5 a6 4. Ba4 Nf6 5. 0-0 Be7 6. Re1 b5 7. Bb3 0-0 8. a4 b4 9. c3 d5 10. exd5 Nxd5 11. Nxe5 Nxe5 12. Rxe5 c6 13. d4 Bd6 14. Re1 Qh4 15. g3 Qh3 16. Qd3 Bf5 17. Qf1 Qh5 18. Bxd5 cxd5 19. Be3 Bh3 20. Qe2 Bg4 21. Qf1 f5 22. f4 Rac8 23. Nd2 bxc3 24. bxc3 Rxc3 25. Qxa6 Bb4 26. Qe6+ Kh8 27. Qxd5 Rcc8 28. Rac1 Rxc1 29. Rxc1 h6 30. Qe6 Kh7 31. Nc4 Re8 32. Qc6 Re4 33. a5 Bf3 34. Ne5 Rxe5 0-1

[Event "ACP Blitz (Women) 1st"]
[Site "Playchess.com INT"]
[Date "2004.05.02"]
[Round "11"]
[White "Grabuzova, Tatiana"]
[Black "Veroci, Zsuzsa"]
[Result "1-0"]
[WhiteElo "2348"]
[BlackElo "2315"]
[PlyCount "113"]
[EventDate "2004.05.02"]
[EventType "tourn (blitz)"]
[EventRounds "11"]
[EventCountry "GER"]
[EventCategory "5"]
[SourceTitle "CBM 100 Extra"]
[Source "ChessBase"]
[SourceDate "2004.07.06"]
[SourceVersion "2"]
[SourceVersionDate "2004.07.06"]
[SourceQuality "1"]

1. d4 Nf6 2. c4 g6 3. Nc3 d5 4. cxd5 Nxd5 5. Bd2 Bg7 6. e4 Nb6 7. Be3 0-0 8. Be2 f5 9. Qb3+ Kh8 10. exf5 Bxf5 11. Nf3 Nc6 12. 0-0 a5 13. Ng5 Qe8 14. d5 Nb4 15. Ne6 Bxe6 16. dxe6 Rd8 17. Rad1 Nc8 18. a3 Nc6 19. Qxb7 Nd6 20. Qxc7 Rc8 21. Qd7 Ne5 22. Qxe8 Rfxe8 23. Nb5 Ndc4 24. Bxc4 Nxc4 25. b3 Nxe3 26. fxe3 Rc6 27. Nd4 Bxd4 28. exd4 Rxe6 29. Rfe1 Rc6 30. Re5 Rc3 31. Rxa5 Rxb3 32. Ra7 Kg7 33. d5 Kf6 34. Re1 Rb2 35. d6 e5 36. Rxh7 Rd8 37. d7 Ra2 38. Rh3 Re2 39. Rxe2 Rxd7 40. Rf3+ Ke6 41. Rfe3 Rd5 42. a4 Ra5 43. Re4 Kf5 44. g4+ Kf6 45. h4 Rc5 46. Kf2 Ra5 47. Kf3 Rc5 48. R2e3 Ra5 49. Rb3 Rc5 50. Rb6+ Kf7 51. Ra6 Rc3+ 52. Re3 Rc1 53. Rxe5 Rh1 54. h5 gxh5 55. Rxh5 Rb1 56. Rh7+ Kg8 57. Rc7 1-0

[Event "ACP Blitz (Women) 1st"]
[Site "Playchess.com INT"]
[Date "2004.05.02"]
[Round "10"]
[White "Veroci, Zsuzsa"]
[Black "Fierro Baquero, Martha Lorena"]
[Result "0-1"]
[WhiteElo "2315"]
[BlackElo "2327"]
[PlyCount "168"]
[EventDate "2004.05.02"]
[EventType "tourn (blitz)"]
[EventRounds "11"]
[EventCountry "GER"]
[EventCategory "5"]
[SourceTitle "CBM 100 Extra"]
[Source "ChessBase"]
[SourceDate "2004.07.06"]
[SourceVersion "2"]
[SourceVersionDate "2004.07.06"]
[SourceQuality "1"]

1. e4 d5 2. exd5 Qxd5 3. Nc3 Qa5 4. Bc4 c6 5. d3 Bf5 6. Nge2 e6 7. Ng3 Bg6 8. 0-0 Bd6 9. f4 Ne7 10. Kh1 0-0 11. Nce4 Qc7 12. Nxd6 Qxd6 13. Be3 Nd7 14. Qf3 b5 15. Bb3 Nc5 16. Qf2 Nxb3 17. axb3 a6 18. Bc5 Qd7 19. Bxe7 Qxe7 20. f5 exf5 21. Nxf5 Bxf5 22. Qxf5 Rfe8 23. h3 Qe6 24. Qxe6 Rxe6 25. Rfe1 Rxe1+ 26. Rxe1 Kf8 27. Re5 a5 28. Rc5 Ra6 29. Kg1 Ke7 30. Kf2 Kd6 31. Rg5 g6 32. Rg4 h5 33. Rf4 f5 34. g4 hxg4 35. hxg4 Ke5 36. Kf3 c5 37. gxf5 gxf5 38. Rh4 Rb6 39. Rh8 a4 40. Re8+ Kd5 41. Rd8+ Ke6 42. Re8+ Kf6 43. Rf8+ Kg6 44. Rg8+ Kf7 45. Rc8 axb3 46. cxb3 Rd6 47. Ke3 Rd5 48. Rb8 b4 49. Rb5 Ke6 50. Rb6+ Rd6 51. Rb8 Kd5 52. Rf8 Re6+ 53. Kd2 Ke5 54. Rc8 Kd5 55. Rf8 Re5 56. Rd8+ Ke6 57. d4 Rd5 58. Re8+ Kf7 59. Rc8 Rxd4+ 60. Ke3 Rd5 61. Kf4 Ke6 62. Rc6+ Kd7 63. Rf6 Rd3 64. Rxf5 Kc6 65. Ke4 Rxb3 66. Rf2 Rh3 67. Rd2 Kb5 68. Kd5 Rh5+ 69. Ke4 Kc4 70. Rg2 Kb3 71. Kd3 c4+ 72. Kd4 Rh4+ 73. Ke3 Rh3+ 74. Kd4 Rd3+ 75. Ke4 Rd1 76. Ke3 Rb1 77. Kd4 Rxb2 78. Rg8 Rd2+ 79. Ke3 c3 80. Rc8 Rd7 81. Ke2 Kc2 82. Rc4 Re7+ 83. Kf3 b3 84. Rc8 b2 0-1

[Event "HUN-chT2 Breyer 0304"]
[Site "Hungary"]
[Date "2004.04.18"]
[Round "11"]
[White "Veroci, Zsuzsa"]
[Black "Akots, Gabor"]
[Result "1/2-1/2"]
[WhiteElo "2315"]
[BlackElo "2125"]
[PlyCount "147"]
[EventDate "2003.09.28"]
[EventType "team"]
[EventRounds "11"]
[EventCountry "HUN"]
[SourceTitle "EXT 2009"]
[Source "ChessBase"]
[SourceDate "2008.11.26"]
[SourceVersion "1"]
[SourceVersionDate "2008.11.26"]
[SourceQuality "1"]
[WhiteTeam "Vasutepito"]
[BlackTeam "MAV Elore"]
[WhiteTeamCountry "HUN"]
[BlackTeamCountry "HUN"]

1. e4 c5 2. Nf3 Nc6 3. Nc3 e5 4. Bc4 Be7 5. d3 d6 6. Nd2 Bg5 7. h4 Bh6 8. Qh5 g6 9. Qd1 Rb8 10. a4 a6 11. Nf1 Bxc1 12. Qxc1 h5 13. Qd2 Nf6 14. Ne3 Nb4 15. a5 Qe7 16. Ncd5 Nbxd5 17. Bxd5 Be6 18. Bxe6 Qxe6 19. 0-0 0-0 20. f4 exf4 21. Rxf4 Nd7 22. Raf1 f6 23. Qf2 Rf7 24. Nd5 Rbf8 25. Qg3 Rg7 26. R4f2 Kh7 27. Nc7 Qe7 28. Qh3 Rgf7 29. Ne6 Ne5 30. Nxf8+ Rxf8 31. Rf4 Kg7 32. Qe3 Ng4 33. Qf3 Qe5 34. Rxg4 hxg4 35. Qxg4 Rf7 36. c3 Kh7 37. Qf4 Qxf4 38. Rxf4 Kh6 39. g4 g5 40. Rf5 gxh4 41. Kg2 Kg6 42. Rd5 Rd7 43. Kh3 Kf7 44. Kxh4 Ke6 45. Kg3 b6 46. axb6 Rb7 47. Rh5 Rxb6 48. Rh2 d5 49. exd5+ Kxd5 50. Kf4 Ke6 51. Ke4 Rb5 52. Rf2 Rb6 53. Rh2 Rb5 54. Rh5 Rxb2 55. Rxc5 Re2+ 56. Kf3 Ra2 57. d4 Ra1 58. c4 a5 59. Ke4 Re1+ 60. Kd3 Rg1 61. Rxa5 Rxg4 62. Ra6+ Ke7 63. c5 f5 64. d5 Rg1 65. Re6+ Kd7 66. Kd4 Rd1+ 67. Ke5 Re1+ 68. Kf6 Rc1 69. c6+ Kc7 70. Ke7 Rd1 71. Re5 f4 72. Ke6 f3 73. Rf5 Re1+ 74. Kf6 1/2-1/2

[Event "HUN-chT2 Breyer 0304"]
[Site "Hungary"]
[Date "2003.12.07"]
[Round "5"]
[White "Forgacs, Attila"]
[Black "Veroci, Zsuzsa"]
[Result "1/2-1/2"]
[WhiteElo "2187"]
[BlackElo "2315"]
[PlyCount "34"]
[EventDate "2003.09.28"]
[EventType "team"]
[EventRounds "11"]
[EventCountry "HUN"]
[SourceTitle "EXT 2009"]
[Source "ChessBase"]
[SourceDate "2008.11.26"]
[SourceVersion "1"]
[SourceVersionDate "2008.11.26"]
[SourceQuality "1"]
[WhiteTeam "Pet"]
[BlackTeam "Vasutepito"]
[WhiteTeamCountry "HUN"]
[BlackTeamCountry "HUN"]

1. e4 e5 2. Nf3 Nc6 3. Bb5 a6 4. Ba4 d6 5. c3 Bd7 6. d4 g6 7. 0-0 Bg7 8. Re1 Qe7 9. d5 Nd8 10. c4 Nf6 11. Nc3 0-0 12. b4 h6 13. Bxd7 Nxd7 14. Ba3 a5 15. bxa5 Rxa5 16. Bb4 Ra8 17. a4 Nc5 1/2-1/2

[Event "HUN-chT2 Breyer 0304"]
[Site "Hungary"]
[Date "2003.11.16"]
[Round "3"]
[White "Burghardt, Jozsef"]
[Black "Veroci, Zsuzsa"]
[Result "1/2-1/2"]
[WhiteElo "2182"]
[BlackElo "2315"]
[PlyCount "32"]
[EventDate "2003.09.28"]
[EventType "team"]
[EventRounds "11"]
[EventCountry "HUN"]
[SourceTitle "EXT 2009"]
[Source "ChessBase"]
[SourceDate "2008.11.26"]
[SourceVersion "1"]
[SourceVersionDate "2008.11.26"]
[SourceQuality "1"]
[WhiteTeam "Zoltek"]
[BlackTeam "Vasutepito"]
[WhiteTeamCountry "HUN"]
[BlackTeamCountry "HUN"]

1. e4 e5 2. Bc4 Nc6 3. f4 exf4 4. d4 Qh4+ 5. Kf1 d6 6. Nf3 Qh5 7. Bxf4 Bg4 8. c3 0-0-0 9. Nbd2 Nf6 10. h3 d5 11. exd5 Nxd5 12. Bxd5 Rxd5 13. Kf2 Bxf3 14. Qxf3 Qxf3+ 15. Kxf3 Bd6 16. Bxd6 Rxd6 1/2-1/2

[Event "HUN-chT2 Breyer 0304"]
[Site "Hungary"]
[Date "2003.09.28"]
[Round "1"]
[White "Hardicsay, Peter"]
[Black "Veroci, Zsuzsa"]
[Result "1/2-1/2"]
[WhiteElo "2294"]
[BlackElo "2315"]
[PlyCount "23"]
[EventDate "2003.09.28"]
[EventType "team"]
[EventRounds "11"]
[EventCountry "HUN"]
[SourceTitle "EXT 2009"]
[Source "ChessBase"]
[SourceDate "2008.11.26"]
[SourceVersion "1"]
[SourceVersionDate "2008.11.26"]
[SourceQuality "1"]
[WhiteTeam "MAFC"]
[BlackTeam "Vasutepito"]
[WhiteTeamCountry "HUN"]
[BlackTeamCountry "HUN"]

1. e4 e5 2. Nf3 Nc6 3. Bb5 a6 4. Ba4 d6 5. c3 Bd7 6. 0-0 g6 7. d4 Bg7 8. Re1 Qe7 9. d5 Nb8 10. c4 Nf6 11. Nc3 0-0 12. Bc2 1/2-1/2

[Event "HUN-chT2 Erkel 0203"]
[Site "Hungary"]
[Date "2003.04.13"]
[Round "11"]
[White "Brustkern, Juergen"]
[Black "Veroci, Zsuzsa"]
[Result "1/2-1/2"]
[WhiteElo "2293"]
[BlackElo "2311"]
[PlyCount "29"]
[EventDate "2002.09.22"]
[EventType "team"]
[EventRounds "11"]
[EventCountry "HUN"]
[SourceTitle "EXT 2009"]
[Source "ChessBase"]
[SourceDate "2008.11.26"]
[SourceVersion "1"]
[SourceVersionDate "2008.11.26"]
[SourceQuality "1"]

1. e4 e5 2. Nf3 Nc6 3. Nc3 Nf6 4. g3 Bc5 5. Bg2 d6 6. d3 a6 7. 0-0 Be6 8. h3 h6 9. Be3 Bxe3 10. fxe3 d5 11. exd5 Nxd5 12. Nxd5 Bxd5 13. Nh4 Bxg2 14. Kxg2 0-0 15. Nf5 1/2-1/2